| 000 | 00448 a2200157 4500 | ||
|---|---|---|---|
| 003 | OSt | ||
| 005 | 20231108104346.0 | ||
| 008 | 231108b |||||||| |||| 00| 0 eng d | ||
| 040 | _coclc | ||
| 082 |
_a297 _bMAU/S |
||
| 100 |
_aMoulavi, K P Muhammed _99863 |
||
| 245 |
_aSoofisam Thareeqath Islam / _cK P Muhammed Moulavi |
||
| 260 |
_aKerala: _bYuvatha, _c2008. |
||
| 300 | _a135p | ||
| 942 |
_2ddc _cBK _h297 _iMOU/S _k297 _mMOU/S |
||
| 999 |
_c42942 _d42942 |
||